Time-saver standards for architectural design : (Record no. 1878)
[ view plain ]
| 000 -LEADER | |
|---|---|
| fixed length control field | 01753nam a22004335a 4500 |
| 003 - CONTROL NUMBER IDENTIFIER | |
| control field | EG-ScBUE |
| 005 - DATE AND TIME OF LATEST TRANSACTION | |
| control field | 20221030094903.0 |
| 006 - FIXED-LENGTH DATA ELEMENTS--ADDITIONAL MATERIAL CHARACTERISTICS--GENERAL INFORMATION | |
| fixed length control field | a||||fr|||| 00| 0 |
| 008 - FIXED-LENGTH DATA ELEMENTS--GENERAL INFORMATION | |
| fixed length control field | 110426t2005 nyua f b 001 0 eng d |
| 020 ## - INTERNATIONAL STANDARD BOOK NUMBER | |
| International Standard Book Number | 0071432051 |
| 020 ## - INTERNATIONAL STANDARD BOOK NUMBER | |
| International Standard Book Number | 9780071432054 |
| 040 ## - CATALOGING SOURCE | |
| Original cataloging agency | EG-ScBUE |
| Language of cataloging | eng |
| Description conventions | rda |
| Transcribing agency | EG-ScBUE |
| Modifying agency | EG-ScBUE |
| 082 04 - DEWEY DECIMAL CLASSIFICATION NUMBER | |
| Classification number | 721 |
| Item number | TIM |
| Edition number | 22 |
| 245 00 - TITLE STATEMENT | |
| Title | Time-saver standards for architectural design : |
| Remainder of title | technical data for professional practice / |
| Statement of responsibility, etc | Donald Watson, editor ; Michael J. Crosbie, editor. |
| 250 ## - EDITION STATEMENT | |
| Edition statement | Eighth edition. |
| 264 #1 - PUBLICATION, DISTRIBUTION, ETC. (IMPRINT) | |
| Place of publication, distribution, etc | New York : |
| Name of publisher, distributor, etc | McGraw-Hill, |
| Date of publication, distribution, etc | [2005] |
| 264 #4 - PUBLICATION, DISTRIBUTION, ETC. (IMPRINT) | |
| Date of publication, distribution, etc | c2005 |
| 300 ## - PHYSICAL DESCRIPTION | |
| Extent | 1 volume (various pagings) : |
| Other physical details | illustrations ; |
| Dimensions | 28 cm + |
| Accompanying material | 1CD |
| 336 ## - CONTENT TYPE | |
| Source | rdacontent |
| Content type term | text |
| Content type code | txt |
| 336 ## - CONTENT TYPE | |
| Source | rdacontent |
| Content type term | sounds |
| Content type code | snd |
| 337 ## - MEDIA TYPE | |
| Source | rdamedia |
| Media type term | unmediated |
| Media type code | n |
| 337 ## - MEDIA TYPE | |
| Source | rdamedia |
| Media type term | audio |
| Media type code | s |
| 338 ## - CARRIER TYPE | |
| Source | rdacarrier |
| Carrier type term | volume |
| Carrier type code | nc |
| 338 ## - CARRIER TYPE | |
| Source | rdacarrier |
| Carrier type term | computer disc |
| Carrier type code | cd |
| 504 ## - BIBLIOGRAPHY, ETC. NOTE | |
| Bibliography, etc | Includes bibliographical references and index.<br/> |
| 590 ## - LOCAL NOTE (RLIN) | |
| Local note | menna elemam<br/> |
| 650 #7 - SUBJECT ADDED ENTRY--TOPICAL TERM | |
| Topical term or geographic name as entry element | Building |
| Form subdivision | Handbooks, manuals, etc. |
| Source of heading or term | BUEsh |
| 9 (RLIN) | 23302 |
| 650 #7 - SUBJECT ADDED ENTRY--TOPICAL TERM | |
| Topical term or geographic name as entry element | Standards, Engineering |
| Form subdivision | Handbooks, manuals, etc. |
| 9 (RLIN) | 23303 |
| Source of heading or term | BUEsh |
| 650 #7 - SUBJECT ADDED ENTRY--TOPICAL TERM | |
| Topical term or geographic name as entry element | Architectural design |
| Form subdivision | Handbooks, manuals, etc. |
| 9 (RLIN) | 23304 |
| Source of heading or term | BUEsh |
| 651 ## - SUBJECT ADDED ENTRY--GEOGRAPHIC NAME | |
| Source of heading or term | BUEsh |
| 653 ## - INDEX TERM--UNCONTROLLED | |
| Resource For college | Engineering, Architecture |
| Arrived date list | August2015 |
| 655 ## - INDEX TERM--GENRE/FORM | |
| Form subdivision | Reading book |
| 700 1# - ADDED ENTRY--PERSONAL NAME | |
| Personal name | Watson, Donald, |
| Dates associated with a name | 1937- |
| Relator term | editor. |
| 9 (RLIN) | 23305 |
| 700 1# - ADDED ENTRY--PERSONAL NAME | |
| Personal name | Crosbie, Michael J., |
| Relator term | editor. |
| 9 (RLIN) | 23306 |
| 856 42 - ELECTRONIC LOCATION AND ACCESS | |
| Materials specified | Contributor biographical information |
| Uniform Resource Identifier | <a href="http://www.loc.gov/catdir/bios/mh051/2004053873.html">http://www.loc.gov/catdir/bios/mh051/2004053873.html</a> |
| 856 42 - ELECTRONIC LOCATION AND ACCESS | |
| Materials specified | Table of contents only |
| Uniform Resource Identifier | <a href="http://www.loc.gov/catdir/toc/mh041/2004053873.html">http://www.loc.gov/catdir/toc/mh041/2004053873.html</a> |
| 856 42 - ELECTRONIC LOCATION AND ACCESS | |
| Materials specified | Publisher description |
| Uniform Resource Identifier | <a href="http://www.loc.gov/catdir/enhancements/fy0618/2004053873-d.html">http://www.loc.gov/catdir/enhancements/fy0618/2004053873-d.html</a> |
| 942 ## - ADDED ENTRY ELEMENTS (KOHA) | |
| Koha item type | NB - Book (Non borrowing) |
| Call number prefix | 721 TIM |
| Source of classification or shelving scheme | Dewey Decimal Classification |
| Withdrawn status | Lost status | Source of classification or shelving scheme | Damaged status | Not for loan | Home library | Current library | Shelving location | Date acquired | Source of acquisition | Total Checkouts | Total Renewals | Full call number | Barcode | Date last seen | Date checked out | Cost, replacement price | Koha item type | Collection code | Price effective from | Checked out |
|---|---|---|---|---|---|---|---|---|---|---|---|---|---|---|---|---|---|---|---|---|
| Dewey Decimal Classification | Central Library | Central Library | Second Floor | 19/03/2008 | Purchase | 18 | 15 | 721 TIM | 000002353 | 15/07/2025 | 02/10/2019 | 781.00 | Book - Borrowing | |||||||
| Dewey Decimal Classification | Central Library | Central Library | Second Floor | 17/03/2008 | Purchase | 721 TIM | 000007615 | 24/08/2022 | CD | DVD - With book | Baccah | 07/11/2007 | |||||||||
| Dewey Decimal Classification | Central Library | Central Library | Second Floor | 19/03/2008 | Purchase | 14 | 2 | 721 TIM | 000009560 | 15/07/2025 | 07/12/2021 | Book - Borrowing | ||||||||
| Dewey Decimal Classification | Central Library | Central Library | Second Floor | 17/03/2008 | Purchase | 721 TIM | 000010025 | 24/08/2022 | CD | DVD - With book | Baccah | 21/02/2008 | |||||||||
| Dewey Decimal Classification | Central Library | Central Library | Second Floor | 17/03/2008 | Purchase | 721 TIM | 000010026 | 24/08/2022 | CD | DVD - With book | Baccah | 21/02/2008 | |||||||||
| Dewey Decimal Classification | Central Library | Central Library | Second Floor | 08/03/2017 | Purchase | 15 | 13 | 721 TIM | 000010620 | 04/03/2026 | 02/10/2017 | Book - Borrowing | ||||||||
| Dewey Decimal Classification | Central Library | Central Library | Second Floor | 08/03/2017 | Purchase | 721 TIM | 000010621 | 24/08/2022 | CD | DVD - With book | Baccah | 17/03/2008 | |||||||||
| Dewey Decimal Classification | Central Library | Central Library | Second Floor | 19/03/2008 | Purchase | 16 | 36 | 721 TIM | 000010718 | 15/07/2025 | 12/10/2021 | 1000.00 | Book - Borrowing | |||||||
| Dewey Decimal Classification | Central Library | Central Library | Second Floor | 17/03/2008 | Purchase | 1 | 721 TIM | 000010750 | 16/05/2010 | 16/05/2010 | CD | DVD - With book | Baccah | 25/03/2008 | 24/10/2010 | ||||||
| Dewey Decimal Classification | Central Library | Central Library | Second Floor | 26/04/2011 | 721 TIM | 000009580 | 15/07/2025 | NB - Book (Non borrowing) | 26/04/2011 |